00300nam a2200121Ia 4500008004100000100002400041245005300065260001800118300000800136650001000144942000700154999001700161190216s9999||||xx |||||||||||||| ||und|| aRajanikanth Thiwari 0aHindi-Agrah Ke Bahar Mithra Bhashake Hasthaksher bPrakashan A S a241 aHindi cBK c16386d16386